000 00190nam a2200073Ia 4500
008 170617s9999 xx 000 0 und d
100 _aKasture-A.G/Wadodkar
245 0 _aPharmaceutical Inorganic Chemistry
260 _bNarosa
999 _c14919
_d14919